|
|
|
|
| LEADER |
00768cam a2200205 7i4500 |
| 001 |
0000033828 |
| 005 |
20221021090000.0 |
| 008 |
101201 eng |
| 020 |
|
|
|a 9780853698333 (pbk.)
|
| 090 |
0 |
0 |
|a GR880
|b .T76 2010
|
| 245 |
0 |
0 |
|a Traditional medicine :
|b a global perspective
|c edited by Steven B. Kayne.
|
| 260 |
|
|
|a London:
|b Pharmaceutical Press,
|c 2010.
|
| 300 |
|
|
|a xiii, 331 p.:
|b ill.;
|c 23 cm.
|
| 504 |
|
|
|a Includes bibliographical references and index
|
| 650 |
0 |
0 |
|a Traditional medicine
|
| 700 |
1 |
|
|a Kayne, Steven B.
|
| 997 |
|
|
|a Engineering & Life Sciences, Faculty
|b Science & Biotechnology, Department
|
| 998 |
|
|
|a Bioinformatics, Degree
|
| 998 |
|
|
|a Biotechnology, Degree
|
| 999 |
|
|
|a 0000043126
|b BOK
|c OPEN SHELF
|e 1st Floor, Bestari Jaya
|